000 00378nam a2200145Ia 4500
008 230917s9999||||xx |||||||||||||| ||und||
040 _e105128
_aMAIN
041 _aEnglish
082 _a301.54 D187P
100 _aDamodaran ,Vinita, Ed.
245 0 _aPostcolonical India: history , Politics and culture
260 _aDelhi
_bManohar
_c2000
300 _a375 p.
942 _cBK
999 _c128525
_d128525